| 000 | 02279nam a2200529 a 4500 | ||
|---|---|---|---|
| 001 | ebr10670608 | ||
| 003 | CaPaEBR | ||
| 006 | m u | ||
| 007 | cr cn||||||||| | ||
| 008 | 910409s1991 nyu sb 000 0deng d | ||
| 010 | _z 91017515 | ||
| 020 | _z0820415766 (alk. paper) | ||
| 020 | _z9780820415765 | ||
| 020 | _z9781453910580 (e-book) | ||
| 040 |
_aCaPaEBR _cCaPaEBR |
||
| 035 | _a(OCoLC)842851129 | ||
| 041 | 1 |
_aeng _aang _hang |
|
| 043 | _ae-uk-en | ||
| 050 | 1 | 4 |
_aPR1508 _b.N37 1991eb |
| 082 | 0 | 4 |
_a829/.1 _220 |
| 100 | 1 | _aNelson, Marie. | |
| 245 | 1 | 0 |
_aJudith, Juliana, and Elene _h[electronic resource] : _bthree fighting saints / _cMarie Nelson. |
| 260 |
_aNew York : _bPeter Lang, _cc1991. |
||
| 300 | _aix, 209 p. | ||
| 490 | 1 |
_aAmerican university studies. Series IV, English language and literature, _x0741-0700 ; _vv. 135 |
|
| 500 | _aThree Anglo-Saxon poems translated freely into modern English along with the parallel Anglo-Saxon texts and Afterword essays. | ||
| 504 | _aIncludes bibliographical references. | ||
| 533 |
_aElectronic reproduction. _bPalo Alto, Calif. : _cebrary, _d2013. _nAvailable via World Wide Web. _nAccess may be limited to ebrary affiliated libraries. |
||
| 600 | 0 | 0 |
_aHelena, _cSaint, _dapproximately 255-approximately 330. |
| 600 | 0 | 0 |
_aJuliana, _cSaint, of Nicomedia. |
| 600 | 0 | 0 |
_aJudith _c(Jewish heroine) |
| 630 | 0 | 0 |
_aBible. _pO.T. _xHistory of Biblical events _xPoetry. |
| 650 | 0 | _aChristian poetry, English (Old) | |
| 650 | 0 |
_aChristian poetry, English (Old) _xHistory and criticism. |
|
| 650 | 0 |
_aChristian women saints _xLegends _xHistory and criticism. |
|
| 650 | 0 |
_aWomen and literature _zEngland _xHistory _yTo 1500. |
|
| 650 | 0 | _aCivilization, Anglo-Saxon, in literature. | |
| 650 | 0 | _aCivilization, Medieval, in literature. | |
| 650 | 0 |
_aChristian women saints _xPoetry. |
|
| 655 | 7 |
_aElectronic books. _2local |
|
| 700 | 0 |
_aCynewulf. _tJuliana. |
|
| 700 | 0 |
_aCynewulf. _tElene. |
|
| 710 | 2 | _aebrary, Inc. | |
| 730 | 0 | _aJudith (Anglo-Saxon poem) | |
| 830 | 0 |
_aAmerican university studies. _nSeries IV, _pEnglish language and literature ; _vv. 135. |
|
| 856 | 4 | 0 |
_uhttp://site.ebrary.com/lib/rucke/Doc?id=10670608 _zAn electronic book accessible through the World Wide Web; click to view |
| 999 |
_c161025 _d161025 |
||